|
|
|
|
| LEADER |
00985nam a2200241 a 4500 |
| 001 |
4520819 |
| 008 |
100209s2000 cau b 000 0 eng d |
| 010 |
|
|
|a 99016123
|
| 020 |
|
|
|a 1885073534
|
| 040 |
|
|
|a DLC
|c DLC
|d DLC
|d BD-DhAAL
|
| 082 |
0 |
0 |
|a 337
|2 21
|
| 100 |
1 |
|
|a Curry, Jeffrey E.,
|d 1953-
|
| 245 |
1 |
2 |
|a A short course in international economics :
|b understanding the dynamics of the international marketplace /
|c Jeffrey Edmund Curry.
|
| 260 |
|
|
|a Novato, Calif. :
|b World Trade Press,
|c c2000.
|
| 300 |
|
|
|a viii, 184 p. ;
|c 26 cm.
|
| 490 |
0 |
|
|a The short course in international trade series
|
| 504 |
|
|
|a Includes bibliographical references (p. 183).
|
| 541 |
|
|
|e 00010987
|
| 650 |
|
0 |
|a International economic relations.
|
| 650 |
|
0 |
|a International trade.
|
| 852 |
4 |
|
|a Ayesha Abed Library
|j General shelf
|
| 999 |
|
|
|c 7421
|d 7421
|
| 952 |
|
|
|0 0
|1 0
|2 ddc
|4 0
|6 337_CUR_200000000000000
|7 0
|9 7946
|a BRACUL
|b BRACUL
|c GEN
|d 2010-02-10
|l 1
|o 337 CUR
|p 3010010987
|r 2011-01-31
|s 2011-01-31
|t 1
|w 2010-02-10
|y BK
|